South India quiz - Statistics

General Stats
  • This quiz has been taken 85 times
  • The average score is 5 of 6
Answer Stats
Hint Answer % Correct
What is the most southernmost state of India? Tamil nadu
100%
What is the smallest southern state in India? Kerala
95%
Where is kempogowda airport located in? Karnataka
93%
Where is amaravati located in India? Andhra Pradesh
89%
What is the union territory in south India? Puducherry
81%
Where is the most top southern state in India? Telengana
38%
No matching quizzes found
Score Distribution
Percent of People with Each Score
Percentile by Number Answered
Your Score History
You have not taken this quiz